Manual de auditoría (Registro nro. 519)

Detalles MARC
000 -LEADER
fixed length control field 01952 a2200337 4500
001 - CONTROL NUMBER
control field 13359
005 - DATE AND TIME OF LATEST TRANSACTION
control field 20260407155442.0
008 - FIXED-LENGTH DATA ELEMENTS--GENERAL INFORMATION
fixed length control field 260407a2004 arg spa d
003 - CONTROL NUMBER IDENTIFIER
control field AR-UNSa-BCEJYS
040 ## - CATALOGING SOURCE
Original cataloging agency AR-UNSa-BCEJYS
Language of cataloging spa
Transcribing agency AR-UNSa-BCEJYS
080 ## - UNIVERSAL DECIMAL CLASSIFICATION NUMBER
Universal Decimal Classification number 657.6
Common auxiliary subdivision Auditoria (control interno)
020 ## - INTERNATIONAL STANDARD BOOK NUMBER
International Standard Book Number 978-950-9687-97-4
100 1# - MAIN ENTRY--PERSONAL NAME
Personal name Lattuca, Antonio Juan
245 10 - TITLE STATEMENT
Title Manual de auditoría
Name of part/section of a work area auditoría. Informe Nº 5
250 ## - EDITION STATEMENT
Edition statement 10a. ed.
264 #1 - PRODUCTION, PUBLICATION, DISTRIBUTION, MANUFACTURE, AND COPYRIGHT NOTICE
Place of production, publication, distribution, manufacture Buenos Aires :
Name of producer, publisher, distributor, manufacturer FACPCE (Federación Argentina de Consejos Profesionales de Ciencias Económicas)
Date of production, publication, distribution, manufacture, or copyright notice 2004
300 ## - PHYSICAL DESCRIPTION
Extent 527 p.
Dimensions 22 cm.
505 ## - FORMATTED CONTENTS NOTE
Formatted contents note 1. Conceptos generales - 2. Auditoria como proceso de formación de un juicio - 3. Planificación de la auditoria - 4.Evaluación de los controles - 5. Las pruebas en auditoria - 6. Papeles de trabajo - 7.Caja y Bancos - 8. Créditos y ventas - 9. Bienes de cambio y costo de ventas - 10. Inversiones y sus resultados - 11. Bienes de uso y amortizaciones - 12. Activos intangibles - 13. Compras y deudas - 14. Previsiones - 15. Patrimonio neto - 16. Estado de resultados - 17. Información complementaria - 18. Estado de variaciones en el capital corriente de origen y aplicación de los fondos - 19. Trabajos finales - 20. Informes el auditor - 21. Pautas para el examen de estados contables en un contexto computarizado.
590 ## - LOCAL NOTE (RLIN)
Local note niveau_biblio:m niveau_hierar:0
700 1# - ADDED ENTRY--PERSONAL NAME
Personal name Mora, Cayetano Angel Víctor
700 1# - ADDED ENTRY--PERSONAL NAME
Personal name Escribano Martínez, Florencio
700 1# - ADDED ENTRY--PERSONAL NAME
Personal name Rodríguez Rodríguez, Ernesto
700 1# - ADDED ENTRY--PERSONAL NAME
Personal name Brojt, David
700 1# - ADDED ENTRY--PERSONAL NAME
Personal name Gallo, Daniel
700 1# - ADDED ENTRY--PERSONAL NAME
Personal name Roura, Osvaldo
700 1# - ADDED ENTRY--PERSONAL NAME
Personal name De Lellis, Ricardo
700 1# - ADDED ENTRY--PERSONAL NAME
Personal name Federación Argentina de Consejos Profesionales de Ciencias Económicas (FACPCE)
700 1# - ADDED ENTRY--PERSONAL NAME
Personal name Centro de Estudios Científicos y Técnicos (CECYT)
856 41 - ELECTRONIC LOCATION AND ACCESS
Uniform Resource Identifier <a href="https://biblioeco.unsa.edu.ar/pmb/images/libros/manual de auditoria.jpg">https://biblioeco.unsa.edu.ar/pmb/images/libros/manual de auditoria.jpg</a>
Link text Imagen de portada
Electronic format type image/jpeg
942 ## - ADDED ENTRY ELEMENTS (KOHA)
Koha item type
Existencias
Withdrawn status Lost status Damaged status Not for loan Home library Current library Shelving location Date acquired Total checkouts Full call number Barcode Date last seen Price effective from Koha item type Public note
        Biblioteca Prof. Eusebio Cleto del Rey Biblioteca Prof. Eusebio Cleto del Rey   07/04/2026   657.6 M294 10ed. L86972 07/04/2026 07/04/2026 Libro RESALTADOR ROJO - SUBRAYADO CON LÁPIZ Y LAPICERA AZUL - PÁG. 145 SULTA.
        Biblioteca Prof. Eusebio Cleto del Rey Biblioteca Prof. Eusebio Cleto del Rey   07/04/2026   657.6 M294 10ed. L86971 07/04/2026 07/04/2026 Libro  
        Biblioteca Prof. Eusebio Cleto del Rey Biblioteca Prof. Eusebio Cleto del Rey   07/04/2026   657.6 M294 10ed. L86973 07/04/2026 07/04/2026 Libro TAPA DELANTERA DESPEGADA - SUBRAYADO CON LÁPIZ Y LAPICERA ROJA - PÁG. 290 MANCHADA - PÁG. 240-241 FIBRA AZUL
        Biblioteca Prof. Eusebio Cleto del Rey Biblioteca Prof. Eusebio Cleto del Rey   07/04/2026   657.6 M294 10ed. L119795 07/04/2026 07/04/2026 Libro  
        Biblioteca Prof. Eusebio Cleto del Rey Biblioteca Prof. Eusebio Cleto del Rey   07/04/2026   657.6 M294 10ed. L119796 07/04/2026 07/04/2026 Libro CANTO INFERIOR MANCHADO - CANTO SUCIO - PARTIDO PÁG. 200.
        Biblioteca Prof. Eusebio Cleto del Rey Biblioteca Prof. Eusebio Cleto del Rey   07/04/2026   657.6 M294 10ed. L119797 07/04/2026 07/04/2026 Libro POCO HÚMEDO EN EL CANTO SUPERIOR - PARTIDO PÁG. 200 - PRIMERAS HOJAS MANCHADAS Y PÁG 173 - PRIEMRAS HOJAS ARRUGADAS - HÚEMDO SOBRE TODO PÁGINAS 256 A 258 Y PRIMERAS PÁGINAS
        Biblioteca Prof. Eusebio Cleto del Rey Biblioteca Prof. Eusebio Cleto del Rey   07/04/2026   657.6 M294 10ed. L119798 07/04/2026 07/04/2026 Libro CANTO MANCHADO - HÚMEDO EN EL CANTO INFERIOR - PARTIDO EN PÁG 190
        Biblioteca Prof. Eusebio Cleto del Rey Biblioteca Prof. Eusebio Cleto del Rey   07/04/2026   657.6 M294 10ed. L119799 07/04/2026 07/04/2026 Libro CANTO SUCIO - PÁGINAS 94, 468 A 470 DOBLADAS EN ESQUINA SUPERIOR